Kinh doanh trong thời đại 4.0 = Driving digital strategy : A guide to reimagining your business
Cung cấp các nguyên tắc chung để đổi mới doanh nghiệp, tận dụng các lợi thế sẵn có và nhìn ra các nguồn lực phải phát triển: Tái tư duy hướng kinh doanh, tái đánh giá chuỗi giá trị, tái kết nối với khách hàng và tái cấu trúc doanh nghiệ...
Saved in:
| Main Author: | |
|---|---|
| Other Authors: | |
| Format: | Book |
| Language: | Vietnamese |
| Published: |
H.
Đại học Kinh tế Quốc dân
2021
|
| Subjects: | |
| Tags: |
Add Tag
No Tags, Be the first to tag this record!
|
| Institutions: | Thư viện Trường Đại học Nam Cần Thơ |
|---|
| LEADER | 02231nam a22002537a 4500 | ||
|---|---|---|---|
| 001 | NCT_4_016728 | ||
| 008 | 250121b xxu||||| |||| 00| 0 vie d | ||
| 999 | |c 8801 |d 8801 | ||
| 020 | |a 9786043301090 |c 179000 | ||
| 082 | 0 | 4 | |2 23rd ed. |a 658.4012 |b G977 |
| 100 | 1 | |a Gupta, Sunil | |
| 245 | 1 | 0 | |a Kinh doanh trong thời đại 4.0 |b = Driving digital strategy : A guide to reimagining your business |c Sunil Gupta ; Nguyễn Trọng Thuấn (dịch) |
| 260 | |a H. |b Đại học Kinh tế Quốc dân |c 2021 | ||
| 300 | |a 439 tr. |c Minh họa |b 20cm | ||
| 520 | 3 | |a Cung cấp các nguyên tắc chung để đổi mới doanh nghiệp, tận dụng các lợi thế sẵn có và nhìn ra các nguồn lực phải phát triển: Tái tư duy hướng kinh doanh, tái đánh giá chuỗi giá trị, tái kết nối với khách hàng và tái cấu trúc doanh nghiệp. Đưa ra những phương pháp tốt nhất từ những doanh nghiệp đã hoàn toàn "lột xác", cùng với các nguyên tắc chung sẽ giúp bạn vạch ra chiến lược số bao trùm và dẫn dắt doanh nghiệp qua quá trình chuyển đổi | |
| 653 | |a Truyền thông đa phương tiện | ||
| 700 | 1 | |a Nguyễn Trọng Thuấn |e Dịch | |
| 942 | |2 ddc |c BK | ||
| 952 | |0 0 |1 0 |2 ddc |4 0 |6 658_401200000000000_G977 |7 0 |9 30267 |a 000001 |b 000001 |d 2025-01-21 |o 658.4012 G977 |p MD.23285 |r 2025-01-21 |v 179000.00 |w 2025-01-21 |y BK | ||
| 952 | |0 0 |1 0 |2 ddc |4 0 |6 658_401200000000000_G977 |7 0 |9 30268 |a 000001 |b 000001 |d 2025-01-21 |o 658.4012 G977 |p MD.23286 |r 2025-01-21 |v 179000.00 |w 2025-01-21 |y BK | ||
| 952 | |0 0 |1 0 |2 ddc |4 0 |6 658_401200000000000_G977 |7 0 |9 30269 |a 000001 |b 000001 |d 2025-01-21 |o 658.4012 G977 |p MD.23287 |r 2025-01-21 |v 179000.00 |w 2025-01-21 |y BK | ||
| 952 | |0 0 |1 0 |2 ddc |4 0 |6 658_401200000000000_G977 |7 0 |9 30270 |a 000001 |b 000001 |d 2025-01-21 |o 658.4012 G977 |p MD.23288 |r 2025-01-21 |v 179000.00 |w 2025-01-21 |y BK | ||
| 952 | |0 0 |1 0 |2 ddc |4 0 |6 658_401200000000000_G977 |7 0 |9 30271 |a 000001 |b 000001 |d 2025-01-21 |l 1 |o 658.4012 G977 |p MD.23289 |r 2025-05-06 |s 2025-04-24 |v 179000.00 |w 2025-01-21 |y BK | ||
| 980 | |a Thư viện Trường Đại học Nam Cần Thơ | ||


